00337 a2200121 4500020001600000040000800016082001200024100002700036245006200063260004500125300002100170650002400191 a 969747055X aDLC a297.122 aSiddiqi, Muhammad Mian a Quran Majeed ka Arabi Urdu lughatcMuhammad Mian Siddiqi aIslamabad:bMuqtadara Qumi Zuban,c1995. a656 p. ;c24 cm. aQuran--Dictionaries